000
00330nam a2200133Ia 4500
005
20251222155205.0
008
251222s9999||||xx |||||||||||||| ||spa||
082
_a
EDUM.14
100
_a
COLOM Antoni.
245
0
_a
Teoría e instituciones contemporaneas de la educación
250
_a
1ra. ed.
264
_b
ARIEL
942
_c
LIB
999
_c
40094
_d
40094